Explicación detallada del nuevo sistema métrico decimal de medidas, pesas y monedas / obra especialmente dedicada a la clase obrera por Manuel Gispert
Descripción Física:
20 p. ; 20,6 cm
MARC
| LEADER | 00000nam a2200000Ia 4500 | ||
|---|---|---|---|
| 001 | 12788 | ||
| 008 | 160829s1869 xx 000 0 cat d | ||
| 080 | |a RF-4-15 | ||
| 100 | |a Gispert Pujals, Manuel |9 46782 | ||
| 245 | |a Explicación detallada del nuevo sistema métrico decimal de medidas, pesas y monedas / obra especialmente dedicada a la clase obrera por Manuel Gispert | ||
| 250 | |a 2a. ed., corr. i aug. | ||
| 260 | |a Barcelona : |b [s.n.], |c 1869 | ||
| 300 | |a 20 p. ; |c 20,6 cm | ||
| 590 | |a Prové de 951 exp. 6 | ||
| 650 | |a Sistema mètric |9 46848 | ||
| 650 | |a Pesos i mesures |9 46784 | ||
| 856 | 4 | |u https://media.diba.cat/diba/fitxers/arxiu/fulletons/bib_12788_1869_baixa.pdf |y Accés lliure | |
| 856 | 4 | |u https://media.diba.cat/diba/fitxers/arxiu/fulletons/bib_12788_1869_baixa.pdf |y Accés lliure | |
| 901 | |a Arxiu | ||
| 942 | |n 1 |2 udc | ||
| 952 | |0 0 |1 0 |4 0 |6 RF415 |7 1 |9 53447 |a Arxiu |b Arxiu |d 2016-12-01 |l 0 |o RF-4-15 |p 12788 |r 2016-12-01 00:00:00 |w 2016-12-01 |y ARXIU | ||
| 999 | |c 57313 |d 57313 | ||
| 900 | |a bib_12788_1869_baixa.pdf | ||